| 000 | 00761nam a2200289 a 4500 | ||
|---|---|---|---|
| 003 | AR-BaBNM | ||
| 005 | 20251128204715.0 | ||
| 008 | 082120s2002 ||||||||||||||000 | spa|| | ||
| 040 | _cAR-BaBNM | ||
| 100 | 1 | _aAyala Gauna, Velmiro | |
| 245 | 0 | 0 | _aDon Frutos Gómez, el comisario... y otros relatos |
| 250 | _a4ª ed. | ||
| 260 |
_aBuenos Aires _bHuemul _c1979 |
||
| 300 | _a158 p. | ||
| 490 | 0 |
_aClásicos _vv. 74 |
|
| 650 | 4 | _aLITERATURA | |
| 650 | 4 | _aNOVELAS | |
| 650 | 4 | _aCOSTUMBRES Y TRADICIONES | |
| 650 | 4 | _aOBRAS LITERARIAS | |
| 651 | 4 | _aArgentina | |
| 655 | _aLITERATURA | ||
| 700 | 1 |
_aCastelli, Eugenio _eprologuista |
|
| 700 | 1 |
_aDughera, Eduardo A. _eprologuista |
|
| 800 | 1 |
_aRiba, Elsa _edirector |
|
| 942 | _cBK | ||
| 998 | _cCarmen | ||
| 999 |
_c8509 _d8509 |
||